Sekiranya...Bumi tidak mempunyai atmosfera atau graviti atau tidak beredar mengelilingi matahari atau tidak mempunyai teras

Bibliographic Details
Format: Book
Published: Shah Alam : Penerbit Fajar Bakti Sdn.Bhd. , 1998
Series:Sekiranya.
Subjects:

MARC

LEADER 00000cam a2200000 7i4500
001 0000024196
002 000026141
005 20081104.0
020 |a 9676544914 
090 0 0 |a 500   |b SEK 
245 0 0 |a Sekiranya...Bumi tidak mempunyai atmosfera atau graviti atau tidak beredar mengelilingi matahari atau tidak mempunyai teras 
260 |a Shah Alam :   |b Penerbit Fajar Bakti Sdn.Bhd. ,   |c 1998 
300 |a 32 p. :   |b ill. ;   |c 28 cm. 
490 0 |a Sekiranya. 
650 0 0 |a Earth   |x Miscellanea   |x Juvenile literature 
999 |a 00072891   |b BUKU   |c JUNIOR BOOKS   |e PERPUSTAKAAN KOMUNITI PETALING JAYA